| 000 | 00516nam a2200181Ia 4500 | ||
|---|---|---|---|
| 008 | 230711s9999||||xx |||||||||||||| ||und|| | ||
| 020 | _a978-1-4987-4685-4 | ||
| 041 | _aENG | ||
| 082 |
_a621.384 _bRE-M |
||
| 100 | _aReddy,G Ram Mohana | ||
| 245 | 0 | _aMobile AD HOC networks : Bio-inspired quality of service awarw routing protocols | |
| 250 | _a1st Ed. | ||
| 260 |
_c2017 _aNew York _bCRC Press Taylor & Francis Group |
||
| 300 | _a180p. | ||
| 650 | _aElectronics Engineering | ||
| 700 | _aM,Kiran | ||
| 942 | _cBK | ||
| 999 |
_c6327 _d6327 |
||